Gilmore Girls Quiz #2 - Statistics

General Stats
  • This quiz has been taken 92 times
  • The average score is 7 of 15
Answer Stats
Hint Answer % Correct
What type of car do Lorelai and Rory have? Jeep
82%
Who did Rory go to see when she missed Lorelai's graduation? Jess
82%
What does Rory major in at Yale? English
81%
What is the REAL Paul Anka's profession? singer
77%
What restaurant in Stars Hollow serves international cuisine? Al's Pancake World
74%
What school does Paris choose to go to after Yale? Harvard medical school
74%
What is Lorelei's favorite movie? Casablanca
36%
What food from Al's does Morey think killed Cinnamon? clams
31%
What is the name of the lipstick that Lorelai lets Emily borrow on their spa trip? vicious trollop
30%
What are the names of the two artsy friends that Rory makes in her last year of college? Lucy and Olivia
27%
What was the name of Babette's second cat? Apricot
23%
What saying does Lorelai and Rory come up with as Rory is moving into Yale? copper boom
21%
What house does Luke buy without telling Lorelai? The Twickham house
20%
What was the name of the newspaper that Rory got her first internship at? Stamford Eagle Gazette
19%
What college does Madeline decide to go to after Chilton? Tulane
14%
No matching quizzes found
Score Distribution
Percent of People with Each Score
Percentile by Number Answered
Your Score History
You have not taken this quiz